| 000 | 00508nam a2200181 4500 | ||
|---|---|---|---|
| 001 | 123862 | ||
| 003 | ES-MaACL | ||
| 005 | 20230906192247.0 | ||
| 007 | t| | ||
| 008 | 070214s1970 sp r ||||1| cat d | ||
| 100 | 1 |
_aQuoist, Michel. _994807 |
|
| 245 | 1 | 0 |
_aCrist es en el mon / _cMichel Quoist ; traducció per Miquel Adrover. |
| 250 | _a1ª. ed. | ||
| 260 |
_aBarcelona : _bEstela, _c1970. |
||
| 300 |
_a217 p. ; _c20 cm. |
||
| 700 | 1 |
_aAdrover, Miquel. _918486 |
|
| 852 |
_aES-MaACL _jC-46340 _bR.75928 |
||
| 999 |
_c123862 _d123862 |
||